Estatísticas para As 5 línguas menos faladas do mundo

Clique aqui para jogar o quiz

Estatísticas Gerais

  • Esse quiz foi jogado 6 vezes
  • A pontuação média é 4 de 5

Estatísticas das Respostas

Quantidade de falantesLugarResposta% Correto
10Austrália, BentickKayardild
100%
25-50Suécia-NoruegaPite Sami
100%
10Suécia, Rio UmeUme Sami
100%
68Rússia, IngriaVotic
75%
2Rússia, KolaTer Sami
50%

Distribuição das Pontuações

Percentil de Números Respondidos

Porcentagem de Pessoas com Cada Pontuação

Sua Pontuação Histórica

Você não jogou esse quiz